000 00373nam a2200145Ia 4500
008 240624s9999 xx 000 0 und d
041 _aeng
082 _a302.3 HAL
100 _aHALL RICHARD H
245 _aORGANIZATIONS STRUCTURES PROCESSES AND O
250 _a(7th ed.)
260 _c2001
_aNew Delhi
_bPearson Education
300 _axii, : 340p. ; 23cm.
365 _cRS
999 _c4117
_d4117